000 00738nam a2200217Ia 4500
003 GCL
008 140319s9999 xx 000 0 ara d
040 _aGCL /
_cGCL
082 0 4 _a575.1
_bى ه
100 1 _aاحمد مستجير
245 1 0 _aهندسة الحياة العصر الصناعى للبيوتكنولوجيا /
_cاحمد مستجير
700 1 _aيانشنكى ستيفانى
260 _a[S.N] :
_bالادارة العامة لرعاية الشباب ،
_c1990
490 _a
650 0 4 _aالوراثة
650 0 4 _aالهندسة الوراثية
650 0 4 _aالاحياء
650 0 4 _aالاحياء الدقيقة
650 0 4 _aالكروموسومات - علم الوراثة
942 _2ddc
_cBK
999 _c31127
_d31127